000 00247nam a22001217a 4500
008 190206b xxu||||| |||| 00| 0 eng d
041 _aeng
080 _a530
100 _a43
101 _aFIZ
245 _aPhysics
_cHeath,D.C
942 _2udc
_cBK
999 _c54093
_d54093